Find the football player #3 - Statistics

General Stats
  • This quiz has been taken 48 times
  • The average score is 9 of 20
Answer Stats
Picture Answer % Correct
Richarlison
98%
Alejandro Garnacho
93%
Cody Gakpo
86%
Reece James
86%
William Saliba
84%
Douglas Luiz
64%
Matheus Nunes
59%
Nick Pope
55%
Bryan Mbeumo
50%
Tomas Soucek
45%
Nuno Tavares
41%
Eberechi Eze
39%
Evan Ferguson
36%
Dwight McNeil
25%
Harry Wilson
23%
Marcus Tavernier
20%
Max Kilman
18%
Anel Ahmedhodžić
9%
Elijah Adebayo
9%
Ameen Al-Dakhil
2%
No matching quizzes found
Score Distribution
Percent of People with Each Score
Percentile by Number Answered
Your Score History
You have not taken this quiz